| 000 | 00780cai a22001815a 4500 | ||
|---|---|---|---|
| 001 | E152366 | ||
| 008 | 110228u xxk g 000 0 eng d | ||
| 035 | _a(Sirsi) u152366 | ||
| 041 | 0 | _aeng | |
| 110 | 2 |
_aConstruction Skills _95689 |
|
| 245 | 0 | 0 |
_aCut the carbon _h[electronic resource] |
| 520 | _aWebsite which explains the effects of cutting carbon emissions to small and medium-sized companies working in the construction sector. Outlines the changes which such initiatives will introduce in the industry and the opportunities which they will provide. | ||
| 590 | _aKA | ||
| 651 | 4 |
_aUnited Kingdom _y1973- |
|
| 690 | _aBUILT ENVIRONMENT-SUSTAINABLE CONSTRUCTION | ||
| 856 | 4 | 0 |
_uhttps://www.cutcarbon.info/ _zView the website free of charge at www.cutcarbon.info |
| 942 | _n0 | ||
| 999 |
_c120895 _d120895 |
||